An introduction to probability and its distributions / (Record no. 42783)

MARC details
000 -LEADER
fixed length control field 00744nam a22002057a 4500
005 - DATE AND TIME OF LATEST TRANSACTION
control field 20100820161314.0
010 ## - LCCN (DPL NO)
LC control number ENG-101059
020 ## - INTERNATIONAL STANDARD BOOK NUMBER
Terms of availability 140.00
International Standard Book Number 9789380399164
035 ## - SYSTEM CONTROL NUMBER
System control number EN-84592
037 ## - SOURCE OF ACQUISITION
Source of stock number/acquisition DBAD/PUB
082 ## - DEWEY DECIMAL CLASSIFICATION NUMBER
Classification number 620.00151
100 ## - MAIN ENTRY--PERSONAL NAME
Personal name Krishnan, R.Muthu
245 ## - TITLE STATEMENT
Title An introduction to probability and its distributions /
Statement of responsibility, etc by R.Muthu Krishnan
260 ## - PUBLICATION, DISTRIBUTION, ETC. (IMPRINT)
Place of publication, distribution, etc Chennai
Name of publisher, distributor, etc K.V.P. Publication
Date of publication, distribution, etc 2009
270 ## - ADDRESS
Address Zamin Pallavaram
City Chennai
Postal code 43
300 ## - PHYSICAL DESCRIPTION
Extent 119p.
Dimensions 20cm (pbk)
650 ## - SUBJECT ADDED ENTRY--TOPICAL TERM
Topical term or geographic name as entry element Engineering mathematics
942 ## - ADDED ENTRY ELEMENTS (KOHA)
Source of classification or shelving scheme Dewey Decimal Classification
Item type English Books
Classification part 620.00151
Call number suffix KRI
Holdings
Withdrawn status Lost status Not for loan Collection code Home library Current library Date acquired Source of acquisition Cost, normal purchase price Full call number Barcode Copy number Cost, replacement price Koha item type
    Not For Loan Non-fiction D.B.Act.Division D.B.Act.Division 20/08/2010 DBAD/PUB 140.00 620.00151 KRI EN-84592 1 140.00 English Books

© Delhi Public Library
Hit Counter
free hit counter